| 000 | 01218nam0a22002891 4500 | ||
|---|---|---|---|
| 001 | rc\4377274 | ||
| 005 | 20130416143437.4 | ||
| 021 |
_aRU _b[60-10485ж] |
||
| 035 | _a(NLR Aleph) 008545682 | ||
| 090 |
_a8374805 _c8374805 |
||
| 100 | _a20130416d1959 |||y0rusy50 ca | ||
| 101 | 0 | _arus | |
| 102 | _aRU | ||
| 105 | _aa z ||||| | ||
| 200 | 1 |
_aВопросы топочной техники _e[Сборник статей _fОтв. ред. проф. д-р техн. наук В.В. Лаханин] |
|
| 210 |
_aНовосибирск _c[Кн. изд-во] _d1959 |
||
| 215 |
_a47 с., 5 л. табл. _cил. _d22 |
||
| 225 | 1 |
_aМинистерство речного флота РСФСР. Труды Новосибирского института инженеров водного транспорта _vВып. 3 |
|
| 320 | _aБиблиогр. в конце статей | ||
| 606 |
_aТопки _xРасчет _jСборники _2psbo |
||
| 606 |
_aТопливо _xСжигание _jСборники _2psbo |
||
| 702 | 1 |
_aЛаханин _bВ. В. _gВладимир Владимирович _4340 |
|
| 801 | 0 |
_aRU _bNLR _gpsbo |
|
| 801 | 1 |
_aRU _bELAR _2rusmarc |
|
| 852 |
_aNLR _jП10/1352 |
||
| 942 | _cBOOK | ||
| 980 | _aNB | ||